000
00213nam a22000857a 4500
008
170110b xxu||||| |||| 00| 0 eng d
100
_9
2289
_a
Sawhney.P.
245
_a
Work Books Maths-III
260
_a
New Delhi
_b
APC
_c
2011
999
_c
5186
_d
5186